| 000 | 03443nam a2200397 i 4500 | ||
|---|---|---|---|
| 003 | DO-SdBNP | ||
| 005 | 20250925101039.0 | ||
| 007 | ta | ||
| 008 | 210715e2018 dr ac||gr|||| 001 0dspa d | ||
| 020 | _a9781977986863 | ||
| 040 |
_aDO-SdBNP _bspa _cBNPHU _erda |
||
| 041 | _aspa | ||
| 082 | 4 |
_a923.57293 _bL965Z _222 |
|
| 100 | 1 |
_aZorrilla Ozuna, Jorge Radhamés, _eautor _d1953- _4aut. _975654 |
|
| 245 | 1 | 0 |
_aGregorio Luperón, padre de la segunda república / _cJorge Radhamés Zorrilla Ozuna ; diseño y diagramación Ilich Padilla ; cuidado de edición Andrés Blanco Díaz ; prólogo, Efraím Castillo. |
| 250 | _aPrimera edición | ||
| 264 | 1 |
_aSanto Domingo, República Dominicana : _bEditorial Argos, _c2018. |
|
| 300 |
_a347 páginas : _bilustraciones, retratos ; _c23 cm |
||
| 336 |
_atexto _btxt _2rdacontent |
||
| 337 |
_asin mediación _bn _2rdamedia |
||
| 338 |
_avolumen _bnc _2rdacarrier |
||
| 500 | _aIncluye datos biográficos del autor en la solapa de la cubierta. | ||
| 500 | _aIncluye himno a Luperón. | ||
| 500 | _aIncluye índice onomástico, p. 333- 346 | ||
| 500 | _aIncluye referencias bibliográficas y notas al pie de las páginas | ||
| 504 | _aBibliografía: p. 327-332 | ||
| 505 | _aAgradecimientos, 9 -- Prólogo, 11 -- Presentación, 15 -- Marco histórico, 23 -- Duarte, creador de nuestra nacionalidad, 29 -- Luperón, fiel continuador de los ideales duartianos, 43 -- Luperón, primeros años, 53 -- Proceso hacia la Anexión, 57 -- Dos acciones dignas de un hombre cabal, 65 -- Frente a la Anexión, 69 -- La preparación de la guerra en Sabaneta, 73 -- Luperón y la Guerra Restauradora, 75 -- Batalla de Santiago, 77 -- Elección del gobierno provisional, 87 -- Segunda Campaña del Este, 105 -- Luperón después del triunfo restaurador, 131 -- Luperón y el gobierno de Cabral 147 -- Gobierno de los seis años, 157 -- La Guerra de los seis años, 169 -- Ataque del gobierno de González a Luperón, y reacción social, l91 -- Luperón y el Gobierno del repúblico Espaillat, 195 -- Período de inestabilidad 1876-1879, 203 -- Luperón contra Cesáreo Guillermo, 211 -- Inicios del Gobierno de los Diez Meses de Luperón, 215 -- Primeras medidas del gobierno de Luperón, 221 -- Luperón publicita el hallazgo de los restos de Colon, 225 -- Diferendo del gobierno de Luperón con Haití, 229 -- Luperón y el derecho de asilo, 233 -- El caso de los hermanos Maceo, 237 -- Maceo, La Generala y Luperón. Atentado fallido, 241 -- Se agravan las diferencias con España, 247 -- Otros asertos del gobierno provisional de Luperón, 251 -- Rendición de cuentas, 255 -- Convención Nacional, 261 -- La visión patriótica, antillana y antimperialista de Luperón, 265 -- Gobierno del padre Merino, 275 -- Ulises Heureaux presidente, 281 -- Gobierno de Francisco Gregorio Billini, 285 -- Segundo gobierno de Ulises Heureaux, 295 -- Empréstito Westendorp, 299 -- La traición final, 303 -- Apéndice, 317 -- Bibliografía, 327 -- Índice onomástico, 333 -- Himno a Luperón, 343 Colofón 349. | ||
| 590 | _aInventriado 2021 / MF | ||
| 600 | 1 |
_aLuperón, Gregorio, _d1839-1897 _9888 |
|
| 651 | 0 |
_aRepública Dominicana _xHistoria _yHistoria _978065 |
|
| 700 | 1 |
_aCastillo, Efraím, _d1940- _eprologuista _928022 _4pr. |
|
| 700 | 1 |
_aPadilla, Ilich _ediagramador _4di. _988182 |
|
| 700 | 1 |
_aBlanco Díaz, Andrés _4ed. _eeditor _9172 |
|
| 910 | _aMFeliz. Validado. Control de calidad | ||
| 942 |
_2ddc _cLBS1 |
||
| 999 |
_c50123 _d50123 |
||